000 00583nam a2200241 a 4500
001 nice12345678
003 IN_TiNIC
005 20260116013139.0
008 050524s1980 lona grp 000 0 eng
020 _a
_c467.5
082 0 0 _a297.1228
_bSHA
100 _aShah, Ikbal Ali
245 _aSelections from the Koran
260 _aLondon
_bOctagon Press
_c1980
300 _a93p
500 _aincludes index and biblioraphy
505 2 _aGlossary, Index
650 _aQuran-Appreciation
700 1 _aShah, Ikbal Ali
902 _bSRS
942 _cBK
999 _c9859
_d9859